|
|
|
|
| LEADER |
02107njm a2200433 a 4500 |
| 001 |
000824335 |
| 003 |
CZ BrMZK |
| 005 |
20061122122906.0 |
| 007 |
sd fsngnnmmned |
| 008 |
060829s2006 xr pp g f cze d |
| 028 |
0 |
0 |
|a 170 091-5
|b Reader's Digest Výběr
|
| 040 |
|
|
|a BOA001
|b cze
|
| 048 |
|
|
|a tb01
|b vu
|
| 072 |
|
7 |
|a 784
|x Vokální hudba
|2 Konspekt
|9 9
|
| 080 |
|
|
|a 784.4
|2 MRF
|
| 080 |
|
|
|a (086.76)
|2 MRF
|
| 100 |
1 |
|
|a Nedvěd, Jan,
|d 1946-
|7 jn19990209580
|4 sng
|4 itr
|4 cmp
|4 lyr
|
| 245 |
1 |
0 |
|a Stezkami bratří Nedvědů
|h [zvukový záznam]
|
| 260 |
|
|
|a Praha :
|b Reader's Digest Výběr,
|c p2006
|
| 300 |
|
|
|a 3 zvukové desky :
|b digital ;
|c 12 cm +
|e 1 brožura [28 s.]
|
| 500 |
|
|
|a Kompaktní desky
|
| 500 |
|
|
|a Kompilace
|
| 500 |
|
|
|a Původní fonogramy různá vydavatelství
|
| 500 |
|
|
|a Názvy jednotlivých CD: To nejlepší od Nedvědů, Toulavý písničky, Láska a život
|
| 505 |
2 |
0 |
|t Stánky --
|t Hopsinky --
|t Růže z papíru --
|t Podvod --
|t Kočovní herci --
|t Ptáčata --
|t Obrázek oblázek --
|t Valčíček --
|t Hrášek --
|t Slunovrat --
|t Papírky --
|t Pletenka --
|t Řemeslo --
|t Na kameni kámen --
|t Devatenáct --
|t Zahrádky --
|t Co s tím dělat můžou --
|t Po mně kamenem --
|t Čárky --
|t Kamínky --
|t Tvou vůni znám --
|t Jako ptáci --
|t Výroční oheň --
|t Nad Sázavou --
|t Čepice --
|t Igelit --
|t Máta --
|t Tulácký ráno --
|t Proč --
|t Rikatádo --
|
| 511 |
1 |
|
|a Zpívají: Jan Nedvěd, František Nedvěd, Zdena Tichotová
|
| 530 |
|
|
|a Vydáno také na kazetách
|
| 650 |
0 |
7 |
|a folkové písně
|7 ph224335
|y 1991-2000
|2 czenas
|
| 650 |
0 |
7 |
|a folkové písně
|7 ph224335
|y 2001-2010
|2 czenas
|
| 655 |
|
7 |
|a kompaktní desky
|7 fd201991
|2 czenas
|
| 700 |
1 |
|
|a Nedvěd, František,
|d 1947-2021
|7 jn19990209579
|4 sng
|4 itr
|4 cmp
|4 lyr
|
| 700 |
1 |
|
|a Tichotová, Zdenka,
|d 1954-
|7 mzk2003208500
|4 sng
|
| 740 |
0 |
2 |
|a Toulavý písničky
|
| 740 |
0 |
2 |
|a Láska a život
|
| 740 |
0 |
2 |
|a To nejlepší od Nedvědů
|
| 910 |
|
|
|a BOA001
|b CD-0013.271
|
| 990 |
|
|
|a AV
|
| 991 |
|
|
|b 200609
|
| 996 |
6 |
|
|b 261H014647
|c CD-0013.271
|l MZK
|r Sklad / do 24 hodin
|n 1
|w 000824335
|u 000010
|a 1
|e BOA001
|j MZK50
|s P
|